<?xml version="1.0" encoding="UTF-8"?>
<record
    xmlns:xsi="http://www.w3.org/2001/XMLSchema-instance"
    xsi:schemaLocation="http://www.loc.gov/MARC21/slim http://www.loc.gov/standards/marcxml/schema/MARC21slim.xsd"
    xmlns="http://www.loc.gov/MARC21/slim">

  <leader>01936nam a2200325uu 4500</leader>
  <controlfield tag="001">1171263</controlfield>
  <controlfield tag="005">20260507134742.0</controlfield>
  <controlfield tag="007">co|||||||</controlfield>
  <controlfield tag="008">090928e20090928                    spa  </controlfield>
  <datafield tag="035" ind1=" " ind2=" ">
    <subfield code="a">1171263</subfield>
  </datafield>
  <datafield tag="040" ind1=" " ind2=" ">
    <subfield code="c">comduadb</subfield>
  </datafield>
  <datafield tag="041" ind1=" " ind2=" ">
    <subfield code="a">spa</subfield>
  </datafield>
  <datafield tag="080" ind1=" " ind2=" ">
    <subfield code="a">QPR/CD</subfield>
  </datafield>
  <datafield tag="082" ind1=" " ind2="4">
    <subfield code="a">363</subfield>
  </datafield>
  <datafield tag="100" ind1="1" ind2="0">
    <subfield code="a">P&#xE9;rez P&#xE9;rez, Yadira</subfield>
    <subfield code="4">aut</subfield>
    <subfield code="e">aut</subfield>
    <subfield code="9">584181</subfield>
  </datafield>
  <datafield tag="245" ind1="1" ind2="0">
    <subfield code="a">Practica acad&#xE9;mica en Trabajo Social : Fortalecimiento del plan integral de residuos solidos (PGIRS) para la educaci&#xF3;n e implementaci&#xF3;n del manejo de los residuos solidos y separaci&#xF3;n en la fuente con la comunidad del municipio de Puerto Berrio, Antioquia</subfield>
  </datafield>
  <datafield tag="260" ind1=" " ind2=" ">
    <subfield code="a">Puerto Berrio (Antioquia) :</subfield>
    <subfield code="b">[sin publicador],</subfield>
    <subfield code="c">2009.</subfield>
  </datafield>
  <datafield tag="300" ind1=" " ind2=" ">
    <subfield code="a">1 CD-ROM</subfield>
  </datafield>
  <datafield tag="520" ind1="3" ind2=" ">
    <subfield code="a">El Plan de Gesti&#xF3;n Integral de Residuos S&#xF3;lidos - PGIRS, es un elemento de planificaci&#xF3;n del servicio p&#xFA;blico de aseo compuesto por un conjunto de proyectos y actividades a corto, mediano y largo plazo. Esta encamina su accionar a la identificaci&#xF3;n y administraci&#xF3;n eficiente de los residuos generados en sus diferentes etapas dentro de la organizaci&#xF3;n. Con la identificaci&#xF3;n de los aspectos cr&#xED;ticos en el manejo de los residuos se determina un plan tendiente a administrar de forma eficiente su manejo en las diferentes etapas, dando cumplimiento a los requerimientos ambientales y legales, logrando una disminuci&#xF3;n en costos de manejo y disposici&#xF3;n, y optimizando el aprovechamiento de los materiales recuperables. </subfield>
  </datafield>
  <datafield tag="650" ind1=" " ind2=" ">
    <subfield code="a">Informes de practica de trabajo social</subfield>
    <subfield code="9">166345</subfield>
  </datafield>
  <datafield tag="650" ind1=" " ind2=" ">
    <subfield code="a">Informes de pr&#xE1;ctica</subfield>
    <subfield code="9">162951</subfield>
  </datafield>
  <datafield tag="650" ind1=" " ind2=" ">
    <subfield code="a">Pr&#xE1;ctica acad&#xE9;mica</subfield>
    <subfield code="9">144005</subfield>
  </datafield>
  <datafield tag="650" ind1=" " ind2=" ">
    <subfield code="a">Plan de Gesti&#xF3;n Integral de Residuos S&#xF3;lidos (PGIRS)</subfield>
    <subfield code="9">137218</subfield>
  </datafield>
  <datafield tag="650" ind1=" " ind2=" ">
    <subfield code="a">Trabajo social en educacion ambiental</subfield>
    <subfield code="9">176077</subfield>
  </datafield>
  <datafield tag="650" ind1=" " ind2=" ">
    <subfield code="a">Manejo de residuos</subfield>
    <subfield code="9">73876</subfield>
  </datafield>
  <datafield tag="700" ind1="1" ind2="0">
    <subfield code="a">Isaza Cruz, Claudia Patricia</subfield>
    <subfield code="4">ths</subfield>
    <subfield code="e">ths</subfield>
    <subfield code="9">294808</subfield>
  </datafield>
  <datafield tag="942" ind1=" " ind2=" ">
    <subfield code="c">TESIS</subfield>
  </datafield>
  <datafield tag="999" ind1=" " ind2=" ">
    <subfield code="c">526598</subfield>
    <subfield code="d">526598</subfield>
  </datafield>
  <datafield tag="502" ind1=" " ind2=" ">
    <subfield code="b">107</subfield>
    <subfield code="c">12</subfield>
  </datafield>
  <datafield tag="526" ind1=" " ind2=" ">
    <subfield code="a">108</subfield>
  </datafield>
  <datafield tag="952" ind1=" " ind2=" ">
    <subfield code="0">0</subfield>
    <subfield code="1">0</subfield>
    <subfield code="4">0</subfield>
    <subfield code="7">0</subfield>
    <subfield code="8">DIGITAL</subfield>
    <subfield code="a">CISH</subfield>
    <subfield code="b">CISH</subfield>
    <subfield code="d">2009-09-28</subfield>
    <subfield code="i">C1068379</subfield>
    <subfield code="l">0</subfield>
    <subfield code="o">QPR/CD-07512</subfield>
    <subfield code="p">0623595</subfield>
    <subfield code="r">2023-04-29 00:00:00</subfield>
    <subfield code="t">1</subfield>
    <subfield code="w">2023-04-29</subfield>
    <subfield code="y">DIGITAL</subfield>
  </datafield>
  <datafield tag="952" ind1=" " ind2=" ">
    <subfield code="0">0</subfield>
    <subfield code="1">0</subfield>
    <subfield code="4">0</subfield>
    <subfield code="7">0</subfield>
    <subfield code="8">DIGITAL</subfield>
    <subfield code="a">PTOBE</subfield>
    <subfield code="b">PTOBE</subfield>
    <subfield code="d">2014-05-09</subfield>
    <subfield code="e">Material adquirido por donaci&#xF3;n</subfield>
    <subfield code="i">C1203300</subfield>
    <subfield code="l">0</subfield>
    <subfield code="o">363.728 P944 CD-ROM</subfield>
    <subfield code="p">84423</subfield>
    <subfield code="r">2023-04-29 00:00:00</subfield>
    <subfield code="t">2</subfield>
    <subfield code="w">2023-04-29</subfield>
    <subfield code="y">DIGITAL</subfield>
  </datafield>
</record>
